000 00704cam a22002533a 4500
001 10190
003 PGUSA
005 20140828083221.0
008 031101s2003||||xxu|||||s|||||000 | eng d
040 _aPGUSA
_beng
042 _adc
050 4 _aPS
100 1 _aHill, Murry K.
245 1 2 _aA Bunch of Nonsense :
_bVaudeville Specialty
_h[electronic resource] /
_cMurry K. Hill
260 _bProject Gutenberg,
_c2003
500 _aRecorded November 1908.
506 _aPublic domain in the USA.
516 _aElectronic text
653 _aHumorous recitations
653 _aVaudeville
830 0 _aProject Gutenberg
_v10190
856 4 0 _uhttp://www.gutenberg.org/ebooks/10190
942 _cEB
999 _c239445
_d239445